|
|
|
|
| LEADER |
00000cam a2200000 a 4500 |
| 001 |
47387 |
| 003 |
Ucuenca |
| 005 |
20230308210223.0 |
| 008 |
002040|2001 bl |||||r|||||||||||spa|| |
| 020 |
|
|
|a 8526007238
|
| 040 |
|
|
|b spa
|
| 041 |
1 |
|
|a por
|
| 082 |
0 |
|
|a Br869.903
|
| 110 |
1 |
|
|9 102511
|a Ministério da Cultural Fundação Biblioteca Nacional
|
| 245 |
|
|
|a Enciclopédia de Literatura Brasileira
|c Afranio Coutinho. Director, J. Galante de Sousa
|h imp
|n vol. 1
|
| 264 |
|
|
|a Sao Paulo
|b Global Editora
|c 2001
|
| 300 |
|
|
|a 840 páginas:
|c 26 cm
|b ilu
|
| 504 |
|
|
|a incl. ref.
|
| 650 |
|
0 |
|a Literatura brasileña
|9 1646
|
| 852 |
|
|
|a UC-CDJBV
|f Donación
|l 1
|m Limitada
|p 20020401
|q $ 1
|t 47387
|b 1
|d CDRC
|e CDRC
|g Br869.903 TERCER PISO
|z 2002-20-40
|
| 942 |
|
|
|c CR
|
| 999 |
|
|
|c 114481
|d 114481
|